[Event "Turnier 40 / 120"]
[Site "Wien"]
[Date "2022.02.09"]
[Round "49"]
[White "Pewatronic Masterchess SH7034 - 24 MHZ"]
[Black "Mephisto Lyon 68020 - 12 MHZ"]
[Result "0-1"]
[BlackElo "2173"]
[WhiteElo "2155"]

1. d4 Nf6 2. Nf3 d5 3. c4 c6 4. Nc3 dxc4 5. e4 b5 6. e5 Nd5 7. a4 e6 8.
axb5 Nxc3 9. bxc3 {Buchende} cxb5 {Buchende} 10. Be2 {Buchbewertung
Pewatronic Masterchess: -0,6 / eine ganz schlechte Eröffnung von Weiss,
Stockfish -1,70} Be7 {Buchbewertung Mephisto Lyon 68020: +0,72 / der erste
berechnete Zug ist nicht optimal, Stockfish nur noch +0,70 für Schwarz,
besser ist Lb7} 11. Bg5? {ein schwacher Zug, der wieder Schwarz ganz klar
in Vorteil bringt, Stockfish +1,80 mit der Fortsetzung Lb7, nötig war h4
mit leichtem Vorteil für Schwarz, diese Variante liegt aber natürlich
ausserhalb der möglichen Rechentiefe.} Bb7 12. Bxe7 Qxe7 13. Ra5 a6 14. Qc2
O-O 15. O-O Nd7 16. Rfa1 f6 {die Stellung ist bereits verloren für Weiss,
Stockfish -3,20} 17. exf6 Qxf6 18. Kh1 Rac8 19. Qa2 e5 20. dxe5 Nxe5 21.
Nxe5 Qxe5 22. Bxc4+ Kh8 23. Bf1 Rxc3 24. f3 h6 25. Ra3 Qe3 26. Rxc3 Qxc3
27. Rd1 Qc7 28. Be2 Rd8 29. Rxd8+ Qxd8 30. h3 Qe8 31. Kg1 Qe3+ 32. Kf1 Qc1+
33. Kf2 Qc5+ 34. Ke1 Qg1+ 35. Bf1 Qe3+ 36. Be2 Bc8 37. Qd5 Be6 38. Qc6 Bc4
39. Qa8+ Kh7 40. Qe4+ Qxe4 41. fxe4 Bxe2 {Rest geschenkt} 0-1
[/pgn]
[pgn]

[Event "Turnier 40 / 120"]
[Site "Wien"]
[Date "2022.02.10"]
[Round "50"]
[White "Mephisto Lyon 68020 - 12 MHZ"]
[Black "Pewatronic Masterchess SH7034 - 24 MHZ"]
[Result "0-1"]
[BlackElo "2155"]
[WhiteElo "2173"]

1. e4 e5 2. Nf3 Nc6 3. Bc4 Bc5 4. c3 Nf6 5. d4 exd4 6. cxd4 Bb4+ 7. Bd2
Bxd2+ 8. Nbxd2 d5 9. exd5 Nxd5 10. Qb3 Nce7 11. O-O O-O {Buchende} 12. Ne5
{Buchende} f6 {Buchbewertung Pewatronic Masterchess: 0,0} 13. Nef3
{Buchbewertung Mephisto Lyon 68020: +0,21 / lt. Stockfish ist die Stellung
etwa gleich} Re8 14. Rfe1 c6 15. Rac1 a5 16. a4 b6 17. Ne4 Bg4 18. h3 Bh5
19. Ng3 Bf7 20. Bd3 Qd7 21. Qc2 Kh8 22. Qc4 Be6 23. Bb1 Rac8 24. Nh4 Nf4
25. Qc2 g6 26. Qd2 Ned5 27. Ba2? {nach diesem schwachen Zug könnte Schwarz
bereits entscheidend in Vorteil kommen, Stockfish +2,20 mit der Fortsetzung
g5, nötig war Te4 mit nur geringem Vorteil für Schwarz} Re7? {Pewatronic
lässt die Chance liegen, Stockfish +0,40 für Schwarz mit der Fortsetzung
Te4} 28. Nf3 Rce8 29. Bxd5 Nxd5 30. Qh6 Qd6 31. h4 Bg4 32. Rxe7 Nxe7 33.
Ne4 Qe6 34. Ned2 Qd7 35. b3 Nd5 36. Re1 Kg8 37. Rxe8+ Qxe8 38. Kf1?
{deutlich mehr Widerstand bot Sf1, nach dem Textzug ist die Partie verloren
für Weiss, Stockfish +4,00 für Schwarz mit der Fortsetzung De6} Qe7 39. Nh2
Qe2+ 40. Kg1 Qd1+ 41. Nhf1 Be2 {Stockfish +8,00 für Schwarz, die Partie ist
gelaufen} 42. h5 g5 43. g3 Bxf1 44. Nxf1 Qxb3 45. Kg2 Qxa4 46. Ne3 Qxd4 47.
Qg7+ Kxg7 48. Nf5+ Kf7 {Rest geschenkt} 0-1
[/pgn]